[Event "chess.com SpeedChess 2022"]
[Site "chess.com INT"]
[Date "2022.12.13"]
[Round "2.18"]
[White "Caruana, Fabiano"]
[Black "Carlsen, Magnus"]
[Result "1/2-1/2"]
[WhiteTitle "GM"]
[BlackTitle "GM"]
[WhiteElo "2766"]
[BlackElo "2859"]
[WhiteFideId "2020009"]
[BlackFideId "1503014"]
[EventDate "2022.11.23"]
[EventType "k.o."]

1. d4 d5 2. c4 e6 3. Nc3 c5 4. cxd5 cxd4 5. Qa4+ Bd7 6. Qxd4 exd5 7. Qxd5 Nf6 8.
Qd1 Bc5 9. Nf3 O-O 10. e3 Nc6 11. Be2 Qe7 12. O-O Ne5 13. Nd4 Nc6 14. Bf3 Rfd8
15. Qe2 Ne5 16. h3 Bxd4 17. exd4 Nxf3+ 18. Qxf3 Bc6 19. Qd3 Nd5 20. Qg3 Qe6 21.
Bg5 Rd7 22. Rfe1 Qg6 23. Ne4 f6 24. Bd2 Qxg3 25. Nxg3 Rad8 26. f3 Kf7 27. Kf2
Nc7 28. Bc3 Ne6 29. Nf5 h5 30. Rad1 Bd5 31. a3 Bb3 32. Rd2 g6 33. Ng3 f5 34. Ne2
h4 35. Nc1 Bc4 36. Nd3 Bxd3 37. Rxd3 Nf4 38. Rd2 Rc8 39. d5 Rxd5 40. Red1 Rxd2+
41. Rxd2 Ke6 42. g3 Nd5 43. Bd4 hxg3+ 44. Kxg3 a6 45. Kh4 Kf7 46. Kg5 Nc7 47.
Bc3 Ne6+ 48. Kh6 Rd8 49. Rxd8 Nxd8 50. h4 Ne6 51. h5 gxh5 52. Kxh5 Nc5 53. Kg5
Ke6 54. Kf4 b5 55. Bd4 Nb3 56. Bh8 a5 57. Ke3 a4 58. Kf4 Nd2 59. Ke3 Nc4+ 60.
Kf4 Nb6 61. Ke3 Nc4+ 62. Kf4 Nb6 63. Ke3 Nc4+ 1/2-1/2

[Event "chess.com SpeedChess 2022"]
[Site "chess.com INT"]
[Date "2022.12.13"]
[Round "2.21"]
[White "Carlsen, Magnus"]
[Black "Caruana, Fabiano"]
[Result "1-0"]
[WhiteTitle "GM"]
[BlackTitle "GM"]
[WhiteElo "2859"]
[BlackElo "2766"]
[WhiteFideId "1503014"]
[BlackFideId "2020009"]
[EventDate "2022.11.23"]
[EventType "k.o."]

1. e4 e5 2. Nf3 Nc6 3. Bb5 a6 4. Ba4 Nf6 5. O-O b5 6. Bb3 Bc5 7. a4 Rb8 8. axb5
axb5 9. d3 d6 10. Be3 O-O 11. Bxc5 dxc5 12. Nbd2 Qd6 13. h3 h6 14. Re1 Rd8 15.
Qe2 Nh5 16. Ng5 Nf4 17. Nxf7 Nxe2+ 18. Rxe2 Qf6 19. Nxd8+ Kh7 20. Nxc6 Qxc6 21.
c3 c4 22. dxc4 bxc4 23. Ba4 Qg6 24. Nxc4 Bxh3 25. Ne3 Be6 26. b4 Rd8 27. Rd1
Rxd1+ 28. Bxd1 h5 29. Rd2 h4 30. Be2 Qg5 31. Bc4 Bxc4 32. Nxc4 h3 33. Ne3 hxg2
34. Rd7 Qh4 35. Nxg2 Qxe4 36. Rxc7 Qd3 37. Ne3 Kg6 38. Rc5 Kg5 39. Rxe5+ Kf4 40.
Rf5+ Ke4 41. c4 Qb1+ 42. Kg2 Qxb4 43. Rf4+ Kd3 44. Rg4 Qb7+ 45. Nd5 Ke2 46. Re4+
Kd3 47. f3 Qb2+ 48. Kg3 Qb1 49. Nf4+ Kd2 50. Ne6 Qg1+ 51. Kf4 Qg6 52. Ke5 Kc3
53. c5 Qh5+ 54. Kd6 Qxf3 55. Re5 Qd3+ 56. Rd5 Qa6+ 57. c6 g5 58. Rxg5 Kc4 59.
Rc5+ Kb4 60. Nc7 Kb3 61. Nd5 Kb2 62. Kd7 Qa7+ 63. Kd6 Qa6 64. Rc3 Kb1 65. Rb3+
Kc1 66. Rb6 Qa3+ 67. Rb4 Qd3 68. c7 Qg3+ 69. Kc6 Qg8 70. Rb8 Qe6+ 71. Kc5 1-0

[Event "chess.com SpeedChess 2022"]
[Site "chess.com INT"]
[Date "2022.12.13"]
[Round "2.22"]
[White "Caruana, Fabiano"]
[Black "Carlsen, Magnus"]
[Result "1/2-1/2"]
[WhiteTitle "GM"]
[BlackTitle "GM"]
[WhiteElo "2766"]
[BlackElo "2859"]
[WhiteFideId "2020009"]
[BlackFideId "1503014"]
[EventDate "2022.11.23"]
[EventType "k.o."]

1. d4 Nf6 2. c4 e6 3. Nc3 Bb4 4. e3 d5 5. a3 Be7 6. Nf3 O-O 7. b4 c6 8. Bb2 b6
9. c5 a5 10. Bd3 Nbd7 11. O-O Ba6 12. Ne1 e5 13. Bxa6 Rxa6 14. b5 exd4 15. bxa6
dxc3 16. Bxc3 Nxc5 17. Qe2 Qa8 18. Rb1 Nfe4 19. Bd4 b5 20. a7 Ne6 21. Nf3 Bxa3
22. Qc2 Bd6 23. Bb6 Qb7 24. Bxa5 Qxa7 25. Ra1 Qb7 26. Nd4 c5 27. Nf5 Be5 28.
Rad1 Re8 29. f3 Nd6 30. Nxd6 Bxd6 31. Bc3 b4 32. Ba1 c4 33. Qf5 c3 34. Rxd5 g6
35. Qd3 Bf8 36. Kh1 Nc5 37. Qc4 Rc8 38. h3 Qa6 39. Rd4 Qxc4 40. Rxc4 Rb8 41. Rb1
Na6 42. Rc6 Ra8 43. Bxc3 bxc3 44. Rxc3 Nc5 45. Rbc1 Ne6 46. Rc8 Ra5 47. e4 h5
48. Rd1 h4 49. e5 Rxe5 50. Rc4 g5 51. Rg4 Be7 52. Rf1 Nf4 53. g3 hxg3 54. h4 Nh5
55. f4 f5 56. fxe5 fxg4 57. hxg5 Bxg5 58. Rf5 g2+ 59. Kxg2 Nf4+ 60. Kg3 Ne6 61.
Kxg4 Be7 62. Rh5 Kf7 63. Rh7+ Ng7 64. Rh6 Ne6 65. Kf5 Ng7+ 66. Ke4 Ne6 67. Rh7+
Ke8 68. Kf5 Kd7 69. Rxe7+ Kxe7 70. Ke4 Nc7 71. Kd3 Ke6 72. Kc2 Kxe5 1/2-1/2

[Event "chess.com SpeedChess 2022"]
[Site "chess.com INT"]
[Date "2022.12.13"]
[Round "2.23"]
[White "Carlsen, Magnus"]
[Black "Caruana, Fabiano"]
[Result "1-0"]
[WhiteTitle "GM"]
[BlackTitle "GM"]
[WhiteElo "2859"]
[BlackElo "2766"]
[WhiteFideId "1503014"]
[BlackFideId "2020009"]
[EventDate "2022.11.23"]
[EventType "k.o."]

1. e4 e5 2. Nf3 Nc6 3. Bb5 a6 4. Ba4 Nf6 5. O-O b5 6. Bb3 Bc5 7. a4 Rb8 8. axb5
axb5 9. d3 d6 10. c3 O-O 11. h3 h6 12. Re1 Bb6 13. Nbd2 Ne7 14. Nf1 Ng6 15. Ng3
Re8 16. d4 Bb7 17. Bc2 c5 18. dxe5 dxe5 19. Qxd8 Rexd8 20. Be3 Bc8 21. Nf5 Be6
22. Ra6 Bc8 23. Raa1 Be6 24. Red1 Rxd1+ 25. Rxd1 Ne8 26. Ra1 f6 27. h4 Kf7 28.
h5 Ne7 29. N3h4 Nxf5 30. Nxf5 Bxf5 31. exf5 Ke7 32. Kf1 Nd6 33. Ra6 Nc4 34. Bc1
Nd6 35. Ke2 Kd7 36. b3 Kc7 37. Bd3 Kb7 38. Ra2 Ra8 39. Rxa8 Kxa8 40. g4 Kb7 41.
c4 bxc4 42. Bxc4 Nxc4 43. bxc4 Kc6 44. g5 hxg5 45. Bxg5 Bd8 46. Be3 Kd6 47. Kf3
Ba5 48. Kg4 Bc3 49. h6 gxh6 50. Kh5 Bd4 51. Kxh6 Ke7 52. Kg7 e4 53. Kg6 Ke8 54.
Kh5 Ke7 55. Kg4 Kd6 56. Kf4 Bb2 57. Kxe4 Bc3 58. Kf3 Ke5 59. Bxc5 Kxf5 60. Ke3
Ke6 61. Kd3 Be5 62. Bd4 Bc7 63. Kc3 f5 64. Kb4 Kd7 65. Kc5 Bh2 66. Kd5 Bc7 67.
c5 Ba5 68. c6+ Ke7 69. Be5 Bb6 70. f3 Ba5 71. Bd6+ Ke8 72. Ke6 1-0

[Event "chess.com SpeedChess 2022"]
[Site "chess.com INT"]
[Date "2022.12.13"]
[Round "2.24"]
[White "Caruana, Fabiano"]
[Black "Carlsen, Magnus"]
[Result "1/2-1/2"]
[WhiteTitle "GM"]
[BlackTitle "GM"]
[WhiteElo "2766"]
[BlackElo "2859"]
[WhiteFideId "2020009"]
[BlackFideId "1503014"]
[EventDate "2022.11.23"]
[EventType "k.o."]

1. e4 e5 2. Nf3 Nc6 3. Bc4 Bc5 4. c3 Nf6 5. d4 exd4 6. cxd4 Bb4+ 7. Nbd2 d5 8.
exd5 Nxd5 9. O-O O-O 10. a3 Bxd2 11. Bxd2 Bg4 12. h3 Bh5 13. g4 Bg6 14. Re1 Nb6
15. Bf1 Nxd4 16. Nxd4 Qxd4 17. Bc3 Qxd1 18. Raxd1 Rfe8 19. f3 f6 20. h4 h6 21.
Kf2 c6 22. h5 Bf7 23. Bd3 Nd5 24. Bd2 Rxe1 25. Rxe1 Rd8 26. Bf5 Kf8 27. a4 b6
28. Be4 Ne7 29. Bf4 Nd5 30. Bd2 c5 31. Rc1 Nc7 32. Be3 Ne6 33. a5 Nd4 34. axb6
axb6 35. Ra1 Bd5 36. Bxd5 Rxd5 37. Ra8+ Ke7 38. Rg8 Ne6 39. Rb8 Rd6 40. Rb7+ Kf8
41. b4 cxb4 42. Bxb6 Rd3 43. Be3 Rb3 44. Rb6 Ke7 45. f4 Rb2+ 46. Kf3 b3 47. Ke4
Re2 48. Rxb3 Nc5+ 49. Kf3 Nxb3 50. Kxe2 Na5 51. Kf3 Nc6 52. Ke4 Ke6 53. Bc5 Ne7
54. f5+ Kf7 55. Bxe7 Kxe7 56. Kd5 Kf7 57. Kd6 Kg8 58. Ke7 Kh8 59. Kf8 Kh7 60.
Kf7 Kh8 61. Kf8 Kh7 62. Kf7 Kh8 63. Kf8 1/2-1/2

[Event "chess.com SpeedChess 2022"]
[Site "chess.com INT"]
[Date "2022.12.13"]
[Round "2.25"]
[White "Carlsen, Magnus"]
[Black "Caruana, Fabiano"]
[Result "1-0"]
[WhiteTitle "GM"]
[BlackTitle "GM"]
[WhiteElo "2859"]
[BlackElo "2766"]
[WhiteFideId "1503014"]
[BlackFideId "2020009"]
[EventDate "2022.11.23"]
[EventType "k.o."]

1. e4 c5 2. Nf3 Nc6 3. Bb5 e6 4. c3 Nge7 5. d4 cxd4 6. cxd4 d5 7. Nc3 dxe4 8.
Nxe4 Nd5 9. O-O Bd7 10. Bg5 f6 11. Bd2 Be7 12. Re1 O-O 13. Nc3 Ncb4 14. Bc4 Rc8
15. Qb3 Kh8 16. Nxd5 Nxd5 17. Bxd5 exd5 18. Rxe7 Qxe7 19. Bb4 Qe4 20. Re1 Qf4
21. Bxf8 Rxf8 22. Qxb7 Bg4 23. Qxd5 Bxf3 24. Qxf3 Qxd4 25. b3 h6 26. g3 Rc8 27.
Kg2 Qd7 28. Rd1 Qe7 29. Rd4 a5 30. Rd5 Qc7 31. h4 Re8 32. h5 Rb8 33. a4 Qf7 34.
Rxa5 Qxb3 35. Qe4 Qg8 36. Rb5 Re8 37. Qd5 Qf8 38. a5 Re5 39. Qb7 Re7 40. Qf3 Qe8
41. Rb7 Re5 42. a6 Ra5 43. a7 1-0

[Event "chess.com SpeedChess 2022"]
[Site "chess.com INT"]
[Date "2022.12.13"]
[Round "2.26"]
[White "Caruana, Fabiano"]
[Black "Carlsen, Magnus"]
[Result "0-1"]
[WhiteTitle "GM"]
[BlackTitle "GM"]
[WhiteElo "2766"]
[BlackElo "2859"]
[WhiteFideId "2020009"]
[BlackFideId "1503014"]
[EventDate "2022.11.23"]
[EventType "k.o."]

1. e4 e5 2. Nf3 Nc6 3. Bc4 Nf6 4. d4 exd4 5. e5 Ne4 6. Qe2 Nc5 7. O-O Ne6 8.
Bxe6 dxe6 9. Rd1 b6 10. Be3 Bc5 11. c3 Bb7 12. cxd4 Be7 13. a3 a6 14. Nc3 Na7
15. d5 exd5 16. Nd4 g6 17. e6 O-O 18. Bh6 c5 19. Nf3 d4 20. Bxf8 Qxf8 21. Na4
Nc8 22. b4 Bd5 23. exf7+ Qxf7 24. bxc5 bxc5 25. Rac1 Bb3 26. Nxc5 Bxd1 27. Qxd1
Qd5 28. Nd3 Bxa3 29. Rc7 Bd6 30. Rc2 Ne7 31. h4 a5 32. Nb2 a4 33. Rd2 Qb3 34.
Qe2 a3 35. Nxd4 Qf7 36. Nc4 Bb4 37. Ra2 Nd5 38. Ne5 Nc3 39. Nxf7 Nxe2+ 40. Nxe2
Kxf7 41. g3 Ke6 42. Nf4+ Kd6 43. Nd3 Bc3 44. Kf1 Kd5 45. Ne1 Bxe1 0-1

[Event "chess.com SpeedChess 2022"]
[Site "chess.com INT"]
[Date "2022.12.13"]
[Round "2.27"]
[White "Carlsen, Magnus"]
[Black "Caruana, Fabiano"]
[Result "1-0"]
[WhiteTitle "GM"]
[BlackTitle "GM"]
[WhiteElo "2859"]
[BlackElo "2766"]
[WhiteFideId "1503014"]
[BlackFideId "2020009"]
[EventDate "2022.11.23"]
[EventType "k.o."]

1. e4 c5 2. Nf3 e6 3. c3 Nf6 4. e5 Nd5 5. Bc4 d6 6. d4 cxd4 7. cxd4 Be7 8. O-O
O-O 9. Re1 Nd7 10. exd6 Bxd6 11. Nc3 Nxc3 12. bxc3 b6 13. Ng5 Nf6 14. Qf3 Qc7
15. Bd3 Bb7 16. Qh3 h6 17. Ne4 Nxe4 18. Bxe4 Bxe4 19. Rxe4 Rac8 20. Bd2 Qc4 21.
a4 Kh7 22. Qf3 Qd5 23. g3 Rc7 24. Kg2 Rfc8 25. Ree1 Qxf3+ 26. Kxf3 Kg6 27. Reb1
e5 28. a5 bxa5 29. Rxa5 exd4 30. cxd4 Rd7 31. Be3 Be7 32. h4 h5 33. Rbb5 Bd8 34.
Ra6+ Bb6 35. Rg5+ Kh7 36. Rxh5+ Kg8 37. Ra4 Rc3 38. Kg2 Rd3 39. Rc4 g6 40. Rc8+
Kg7 41. Rhh8 Kf6 42. Rce8 Kf5 43. f3 Rxe3 44. Rxe3 Rxd4 45. g4+ Kf4 46. Re2 f5
47. gxf5 gxf5 48. Rf8 Rd3 49. Re4# 1-0

[Event "chess.com SpeedChess 2022"]
[Site "chess.com INT"]
[Date "2022.12.13"]
[Round "2.28"]
[White "Caruana, Fabiano"]
[Black "Carlsen, Magnus"]
[Result "0-1"]
[WhiteTitle "GM"]
[BlackTitle "GM"]
[WhiteElo "2766"]
[BlackElo "2859"]
[WhiteFideId "2020009"]
[BlackFideId "1503014"]
[EventDate "2022.11.23"]
[EventType "k.o."]

1. c4 c5 2. Nc3 g6 3. g3 Bg7 4. Bg2 Nc6 5. d3 d6 6. Bd2 Qd7 7. h4 h6 8. Nf3 b6
9. O-O Bb7 10. e3 e6 11. Rb1 Nge7 12. a3 O-O 13. b4 Rfd8 14. Qe2 Rac8 15. Rfd1
Nf5 16. Be1 Nce7 17. h5 gxh5 18. e4 Nd4 19. Nxd4 cxd4 20. Na2 b5 21. Nc1 h4 22.
f4 Ng6 23. Nb3 hxg3 24. Bxg3 f5 25. Qh5 Kh7 26. exf5 exf5 27. Bxb7 Qxb7 28. Na5
Qd7 29. cxb5 Re8 30. Nc6 Re3 31. Kh2 Qe6 32. Rb2 Rxg3 33. Kxg3 Nxf4 34. Qf3 Be5
35. Nxe5 dxe5 36. Kh2 Qe7 37. Kh1 Rc3 38. a4 h5 39. Rh2 Kh6 40. a5 Qxb4 41. Rg1
Qxb5 42. Re1 Qxd3 43. Qa8 Qf3+ 44. Qxf3 Rxf3 45. Rb2 Nd3 0-1

[Event "chess.com SpeedChess 2022"]
[Site "chess.com INT"]
[Date "2022.12.13"]
[Round "2.31"]
[White "Carlsen, Magnus"]
[Black "Caruana, Fabiano"]
[Result "1-0"]
[WhiteTitle "GM"]
[BlackTitle "GM"]
[WhiteElo "2859"]
[BlackElo "2766"]
[WhiteFideId "1503014"]
[BlackFideId "2020009"]
[EventDate "2022.11.23"]
[EventType "k.o."]

1. e4 d6 2. d4 g6 3. Nf3 Bg7 4. Bc4 c6 5. Bb3 Nf6 6. Qe2 O-O 7. O-O Qc7 8. e5
Nd5 9. h3 dxe5 10. dxe5 a5 11. c3 a4 12. Bc2 b5 13. Re1 Ba6 14. Qe4 e6 15. Nbd2
Nd7 16. a3 Bb7 17. Qe2 c5 18. Qxb5 Ba6 19. Qxa4 c4 20. Be4 Nc5 21. Qc2 Rad8 22.
Bxd5 Rxd5 23. Ne4 Nd3 24. Bg5 Nxe1 25. Rxe1 Rd3 26. Qc1 Bb7 27. Nf6+ Kh8 28. Nd4
Rd8 29. Qf4 R8xd4 30. cxd4 Qc6 31. Ne4 Kg8 32. f3 Rxd4 33. Nf6+ Bxf6 34. Qxf6
Qb6 35. Kh2 1-0

[Event "chess.com SpeedChess 2022"]
[Site "chess.com INT"]
[Date "2022.12.13"]
[Round "2.32"]
[White "Caruana, Fabiano"]
[Black "Carlsen, Magnus"]
[Result "0-1"]
[WhiteTitle "GM"]
[BlackTitle "GM"]
[WhiteElo "2766"]
[BlackElo "2859"]
[WhiteFideId "2020009"]
[BlackFideId "1503014"]
[EventDate "2022.11.23"]
[EventType "k.o."]

1. d4 g6 2. Nf3 Nf6 3. Nc3 d5 4. Bf4 Bg7 5. e3 O-O 6. h4 h5 7. Ne5 c5 8. dxc5
Nc6 9. Be2 Qa5 10. O-O Qxc5 11. Bf3 Be6 12. Ne2 Ng4 13. Nxc6 bxc6 14. Nd4 Bd7
15. Bg3 e5 16. Nb3 Qe7 17. e4 dxe4 18. Bxe4 f5 19. Bd3 f4 0-1

[Event "chess.com SpeedChess 2022"]
[Site "chess.com INT"]
[Date "2022.12.13"]
[Round "2.33"]
[White "Carlsen, Magnus"]
[Black "Caruana, Fabiano"]
[Result "1-0"]
[WhiteTitle "GM"]
[BlackTitle "GM"]
[WhiteElo "2859"]
[BlackElo "2766"]
[WhiteFideId "1503014"]
[BlackFideId "2020009"]
[EventDate "2022.11.23"]
[EventType "k.o."]

1. e4 g6 2. d4 Bg7 3. Nc3 d6 4. Nf3 a6 5. a4 b6 6. Bd3 Bb7 7. O-O e6 8. Ne2 Nf6
9. Ng3 c5 10. c3 Nc6 11. h3 O-O 12. Be3 cxd4 13. cxd4 Nb4 14. Bb1 Rc8 15. Qd2 a5
16. Ra3 Ba6 17. Re1 Qd7 18. Bh6 Rc7 19. Qg5 Qe7 20. Bxg7 Kxg7 21. e5 dxe5 22.
dxe5 Ng8 23. Nh5+ Kh8 24. Nf6 h6 25. Qf4 Kg7 26. Nh4 Rc4 27. Nxg8 Rxg8 28. Be4
Nc2 29. Rg3 g5 30. Re2 Nd4 31. Rd2 Kf8 32. Qe3 Qc5 33. Kh2 Ke7 34. b3 Rb4 35.
Nf3 Rd8 36. Nxg5 hxg5 37. Qxg5+ Kd7 38. Rf3 Qe7 39. Rf6 Kc7 40. Qf4 Rd7 41. h4
Bb7 42. Bxb7 Kxb7 43. Rd3 Nf5 44. Rxd7+ Qxd7 45. Qf3+ Ka7 46. g3 Qc7 47. h5 Rd4
48. h6 Rd8 49. h7 Rh8 50. Qh5 Ng7 51. Qh6 Ne8 52. Rf4 f5 53. Rh4 Qe7 54. Qg6 Nc7
55. Qg8 Qe8 56. Qg7 Kb8 57. Kg2 Nd5 58. Rh6 Nc7 59. Rg6 Qc8 60. Qxh8 1-0

[Event "chess.com SpeedChess 2022"]
[Site "chess.com INT"]
[Date "2022.12.13"]
[Round "2.34"]
[White "Caruana, Fabiano"]
[Black "Carlsen, Magnus"]
[Result "0-1"]
[WhiteTitle "GM"]
[BlackTitle "GM"]
[WhiteElo "2766"]
[BlackElo "2859"]
[WhiteFideId "2020009"]
[BlackFideId "1503014"]
[EventDate "2022.11.23"]
[EventType "k.o."]

1. d4 Nf6 2. Nf3 d5 3. g3 c5 4. Bg2 cxd4 5. Nxd4 e5 6. Nb3 h6 7. O-O Nc6 8. Nc3
Be6 9. e4 d4 10. Ne2 Bd6 11. c3 dxc3 12. Nxc3 O-O 13. h3 Rc8 14. Kh2 a6 15. Be3
Qe7 16. Rc1 Rfd8 17. Qe2 Nd4 18. Nxd4 exd4 19. Bxd4 Bxg3+ 20. fxg3 Rxd4 21. e5
Nh7 22. Nd5 Qf8 23. Rxc8 Bxc8 24. b3 Be6 25. Nf4 Qc8 26. Qe3 Rd7 27. Nxe6 fxe6
28. h4 Nf8 29. Rf2 Qd8 30. Be4 a5 31. Qf4 b6 32. a3 Qe7 33. b4 axb4 34. axb4 Rc7
35. b5 Rc5 36. Bd3 Rd5 37. Bc4 Rd8 38. Qe3 Rc8 39. Bf1 Qc5 40. Qf4 Nd7 41. Bh3
Rf8 42. Bxe6+ Kh8 43. Bf5 Nxe5 44. Qd2 Qxf2+ 0-1

[Event "chess.com SpeedChess 2022"]
[Site "chess.com INT"]
[Date "2022.12.13"]
[Round "2.35"]
[White "Carlsen, Magnus"]
[Black "Caruana, Fabiano"]
[Result "1-0"]
[WhiteTitle "GM"]
[BlackTitle "GM"]
[WhiteElo "2859"]
[BlackElo "2766"]
[WhiteFideId "1503014"]
[BlackFideId "2020009"]
[EventDate "2022.11.23"]
[EventType "k.o."]

1. e4 e6 2. d4 d5 3. exd5 exd5 4. Nf3 Bd6 5. Bd3 Nc6 6. O-O Nge7 7. Nc3 Bg4 8.
Nb5 a6 9. Nxd6+ Qxd6 10. c3 O-O-O 11. Re1 f6 12. h3 Bd7 13. b4 Ng6 14. a4 Rde8
15. b5 Na5 16. Ba3 Rxe1+ 17. Nxe1 Qe6 18. bxa6 bxa6 19. Nc2 Nf4 20. Bf1 Nc4 21.
Bc1 g5 22. Bxf4 gxf4 23. Qf3 Nd2 24. Qxf4 Nxf1 25. Kxf1 Qc6 26. Qd2 Kb7 27. Nb4
Qc4+ 28. Kg1 Ka7 29. Nd3 Rg8 30. Kh2 Qc6 31. Nc5 Qd6+ 32. g3 Bc8 33. a5 h5 34.
h4 Rg4 35. Kg2 f5 36. Rb1 c6 37. Nd3 f4 38. Nxf4 Bf5 39. Re1 Rg8 40. Re5 Be4+
41. f3 Bh7 42. Qe3 Rg7 43. Nxh5 Rb7 44. g4 Rb2+ 45. Kg3 Qb8 46. Nf4 1-0

[Event "chess.com SpeedChess 2022"]
[Site "chess.com INT"]
[Date "2022.12.13"]
[Round "2.36"]
[White "Caruana, Fabiano"]
[Black "Carlsen, Magnus"]
[Result "0-1"]
[WhiteTitle "GM"]
[BlackTitle "GM"]
[WhiteElo "2766"]
[BlackElo "2859"]
[WhiteFideId "2020009"]
[BlackFideId "1503014"]
[EventDate "2022.11.23"]
[EventType "k.o."]

1. d4 d5 2. Nc3 Nf6 3. Bf4 c5 4. e3 cxd4 5. exd4 a6 6. Bd3 Nc6 7. Nce2 Nb4 8. c3
Nxd3+ 9. Qxd3 Bg4 10. Ng3 Nh5 11. Be5 Nxg3 12. hxg3 Qd7 13. f3 Bf5 14. Qd2 f6
15. Bf4 g5 16. Be3 e6 17. g4 Bg6 18. Ne2 Bd6 19. Bf2 O-O-O 20. Bg3 e5 21. dxe5
fxe5 22. Qxd5 Rhe8 23. O-O-O Qa4 24. Qb3 Qxb3 25. axb3 Bc5 26. Rd2 Be3 27. Rd1
Rd5 28. Be1 Ra5 0-1

[Event "chess.com SpeedChess 2022"]
[Site "chess.com INT"]
[Date "2022.12.13"]
[Round "2.37"]
[White "Carlsen, Magnus"]
[Black "Caruana, Fabiano"]
[Result "1-0"]
[WhiteTitle "GM"]
[BlackTitle "GM"]
[WhiteElo "2859"]
[BlackElo "2766"]
[WhiteFideId "1503014"]
[BlackFideId "2020009"]
[EventDate "2022.11.23"]
[EventType "k.o."]

1. Nf3 g6 2. g3 Bg7 3. Bg2 Nf6 4. O-O O-O 5. d4 d6 6. Nc3 c6 7. e4 a5 8. a3 b5
9. Re1 Na6 10. e5 Nd5 11. Nxd5 cxd5 12. exd6 Qxd6 13. Bf4 Qd8 14. Qd2 Nc7 15.
Bh6 Bf5 16. Ne5 Qd6 17. h4 f6 18. Bxg7 Kxg7 19. Nd3 Bxd3 20. Qxd3 b4 21. h5 e6
22. Bf3 g5 23. axb4 axb4 24. Kg2 f5 25. Rxa8 Rxa8 26. g4 f4 27. h6+ Kg8 28. Re5
Qe7 29. c4 Rd8 30. cxd5 Nxd5 31. Qc4 Nc7 32. d5 Nxd5 33. Bxd5 exd5 34. Qd4 f3+
35. Kh3 Qd6 36. Rxg5+ Kf8 37. Qg7+ 1-0

[Event "chess.com SpeedChess 2022"]
[Site "chess.com INT"]
[Date "2022.12.13"]
[Round "2.38"]
[White "Caruana, Fabiano"]
[Black "Carlsen, Magnus"]
[Result "1/2-1/2"]
[WhiteTitle "GM"]
[BlackTitle "GM"]
[WhiteElo "2766"]
[BlackElo "2859"]
[WhiteFideId "2020009"]
[BlackFideId "1503014"]
[EventDate "2022.11.23"]
[EventType "k.o."]

1. e4 e5 2. Nc3 Nf6 3. Nf3 Nc6 4. Bb5 Bb4 5. O-O O-O 6. d3 Bxc3 7. bxc3 d6 8.
Bg5 h6 9. Bh4 Qe7 10. Nd2 a6 11. Bc4 Na5 12. Bb3 b5 13. Re1 c5 14. Bd5 Rb8 15.
Bxf6 Qxf6 16. Nf1 Bd7 17. Ne3 Nc6 18. a4 b4 19. Qd2 a5 20. Nc4 Ne7 21. Nxa5 Nxd5
22. exd5 e4 23. cxb4 Rxb4 24. Nc6 Bxc6 25. dxc6 exd3 26. Qxd3 Rb6 27. c7 Rc6 28.
Red1 Rc8 29. a5 R8xc7 30. Qb5 d5 31. a6 Rc8 32. a7 Ra8 33. Qb7 Rcc8 34. Qxd5 Qe7
35. Qd7 Rc7 36. Qxe7 Rxe7 37. g3 Rexa7 38. Rxa7 Rxa7 39. Rd5 Ra5 40. Kg2 Kf8 41.
c4 Ke7 42. h4 g6 43. g4 Ke6 44. Kg3 Kf6 45. h5 g5 46. Rd6+ Kg7 47. Rc6 Ra3+ 48.
f3 Rc3 49. Rxc5 Rc2 50. Rc6 Kh7 51. c5 Kg7 52. Rc7 Kf6 53. Rc6+ Kg7 54. Rc8 Kf6
55. c6 Kg7 56. Rc7 Kf6 57. Kh3 Kg7 58. Rc8 Kf6 59. Kg3 Kg7 60. c7 Kh7 61. Kh3 1/2-1/2

[Event "chess.com SpeedChess 2022"]
[Site "chess.com INT"]
[Date "2022.12.13"]
[Round "2.39"]
[White "Carlsen, Magnus"]
[Black "Caruana, Fabiano"]
[Result "1-0"]
[WhiteTitle "GM"]
[BlackTitle "GM"]
[WhiteElo "2859"]
[BlackElo "2766"]
[WhiteFideId "1503014"]
[BlackFideId "2020009"]
[EventDate "2022.11.23"]
[EventType "k.o."]

1. e4 g6 2. d4 Bg7 3. Nf3 b6 4. Bd3 Bb7 5. O-O d6 6. Re1 Nd7 7. a4 e5 8. dxe5
dxe5 9. a5 Ne7 10. Nc3 O-O 11. Bc4 a6 12. axb6 cxb6 13. Be3 Qc7 14. Nd5 Nxd5 15.
Bxd5 Nf6 16. Bxb7 Qxb7 17. Nd2 b5 18. f3 a5 19. c4 Rfb8 20. Qe2 Bf8 21. cxb5
Qxb5 22. Qxb5 Rxb5 23. Nc4 a4 24. Re2 Nd7 25. Rd2 Rb7 26. Kf1 f6 27. Rxd7 Rxd7
28. Nb6 Rdd8 29. Nxa8 Rxa8 30. Ke2 Kf7 31. Kd3 Ke6 32. Bd2 Bc5 33. Bc3 Kd6 34.
Kc4 Kc6 35. h3 Be7 36. Ra2 h5 37. Bb4 Bd8 38. Bc5 Ra5 39. Bf8 f5 40. Bb4 Ra8 41.
Bc3 Bc7 42. b3 a3 43. b4 Bd6 44. Kb3 Kb5 45. Rd2 Kc6 46. Rd5 fxe4 47. fxe4 Rf8
48. b5+ Kc7 49. Rxd6 1-0

[Event "chess.com SpeedChess 2022"]
[Site "chess.com INT"]
[Date "2022.12.13"]
[Round "2.310"]
[White "Caruana, Fabiano"]
[Black "Carlsen, Magnus"]
[Result "1/2-1/2"]
[WhiteTitle "GM"]
[BlackTitle "GM"]
[WhiteElo "2766"]
[BlackElo "2859"]
[WhiteFideId "2020009"]
[BlackFideId "1503014"]
[EventDate "2022.11.23"]
[EventType "k.o."]

1. e4 e5 2. Nc3 Nf6 3. Nf3 Nc6 4. Bb5 Nd4 5. O-O Nxb5 6. Nxb5 c6 7. Nc3 d6 8. d4
Qc7 9. a4 Be7 10. h3 O-O 11. Re1 Re8 12. Bg5 h6 13. Bh4 b6 14. d5 Bb7 15. Bxf6
Bxf6 16. Re2 c5 17. a5 Ba6 18. Re1 b5 19. Ne2 g6 20. g4 b4 21. Ng3 c4 22. Qd2 c3
23. bxc3 Qxc3 24. Qxc3 bxc3 25. Re3 Rec8 26. Ra3 Bd8 27. Rexc3 Rxc3 28. Rxc3 Rc8
29. Rb3 Kg7 30. Nf1 Rxc2 31. Ne3 Rc1+ 32. Kg2 Bxa5 33. Ra3 Rc5 34. Nd2 Bxd2 35.
Rxa6 Bxe3 36. fxe3 Rc2+ 37. Kf3 g5 38. Rxd6 a5 39. Ra6 Ra2 40. Kg3 a4 41. h4 a3
42. h5 f6 43. Kf3 Kf7 44. Ra7+ Ke8 45. d6 Ra1 46. Kg3 a2 47. Kg2 Kd8 48. Kh2 Ke8
49. Kg2 Kd8 50. Kh2 Ke8 51. Kg2 1/2-1/2

[Event "chess.com SpeedChess 2022"]
[Site "chess.com INT"]
[Date "2022.12.14"]
[Round "2.11"]
[White "So, Wesley"]
[Black "Vachier-Lagrave, Maxime"]
[Result "1-0"]
[WhiteTitle "GM"]
[BlackTitle "GM"]
[WhiteElo "2760"]
[BlackElo "2736"]
[WhiteFideId "5202213"]
[BlackFideId "623539"]
[EventDate "2022.11.23"]
[EventType "k.o."]

1. e4 c5 2. Nf3 d6 3. d4 cxd4 4. Nxd4 Nf6 5. Nc3 a6 6. Be3 Ng4 7. Bc1 Nf6 8. Be3
Ng4 9. Bg5 h6 10. Bh4 g5 11. Bg3 Bg7 12. Qd2 Nc6 13. Nb3 Be6 14. h4 gxh4 15.
Bxh4 Na5 16. Nd4 Qb6 17. O-O-O Rc8 18. f4 Nc4 19. Bxc4 Rxc4 20. Nce2 O-O 21. f5
Rfc8 22. c3 Rxd4 23. Nxd4 Bxa2 24. Bxe7 Bb3 25. f6 Nxf6 26. Bxf6 Bxf6 27. Qxh6
Qd8 28. Qh7+ Kf8 29. Nf5 1-0